|
|
|
|
| LEADER |
00000nab a2200000 a 4500 |
| 001 |
vtls000422324 |
| 003 |
SK-MaSNL |
| 005 |
20260318124209.0 |
| 008 |
120925c1988 xo 0 rus |
| 015 |
|
|
|a SNBRA19rr/mm-uuuuu
|
| 035 |
|
|
|a CL0422452
|
| 040 |
|
|
|a SNKBUCL
|b slo
|c SNKBUCL
|e AACR2
|
| 041 |
0 |
|
|a slo
|
| 044 |
|
|
|a xo
|c SK
|
| 080 |
|
|
|a 621.43.016:620.1
|2 1981
|
| 080 |
|
|
|a 620.1
|2 1981
|
| 100 |
1 |
|
|a Semenov, V. S.
|4 aut
|9 968521
|
| 245 |
1 |
0 |
|a Eksperimentaľnoje opredelenije rezuľtinirujuščej po teploperedače temperatury v cilindre DVS
|c V. S. Semenov, V. V. Garaščenko
|
| 300 |
|
|
|b Obr. 1. Grafy 11., lit. 1 zázn. v angl.
|
| 650 |
0 |
7 |
|a spaľovacie motory
|2 snkbucl
|9 67366
|
| 655 |
|
7 |
|a články zo zborníkov
|2 snkbucl
|9 166140
|
| 700 |
1 |
|
|a Garaščenko, V. V.
|4 aut
|9 1277882
|
| 773 |
0 |
|
|t Motor sympo 88. 2
|d Žilina : Dom techniky ČSVTS, 1988
|g S. 464-474
|
| 850 |
|
|
|a Slovenská národná knižnica v Martine
|a MTA001
|
| 852 |
|
|
|a SNK
|b KIS3GCP
|
| 958 |
|
|
|a RK
|
| 992 |
|
|
|a RZB
|
| 999 |
|
|
|c 2536699
|d 2538629
|